El Estatuto de funcionarios (Record no. 63061)

MARC details
000 -LEADER
campo de control de longitud fija 00667nam a2200181 i 4500
001 - NÚMERO DE CONTROL
campo de control 63061
003 - IDENTIFICADOR DE NÚMERO DE CONTROL
campo de control ES-MaACL
005 - FECHA Y HORA DE LA ÚLTIMA TRANSACCIÓN
campo de control 20250911063534.0
007 - CAMPO FIJO DE DESCRIPCIÓN FÍSICA--INFORMACIÓN GENERAL
campo de control de longitud fija t|
008 - DATOS DE LONGITUD FIJA--INFORMACIÓN GENERAL
campo de control de longitud fija 031128s1916 sp ||||1| spa d
100 1# - ENTRADA PRINCIPAL--NOMBRE DE PERSONA
Nombre de persona Fernández de Velasco, Recaredo,
Fechas asociadas al nombre n. 1889-
9 (RLIN) 49721
245 13 - MENCIÓN DEL TÍTULO
Título El Estatuto de funcionarios
Resto del título : principios generales : legislación extranjera : legislación española /
Mención de responsabilidad, etc. Recaredo Fernández de Velasco ; prólogo de Antonio Royo Villanova.
260 ## - PUBLICACIÓN, DISTRIBUCIÓN, ETC.
Lugar de publicación, distribución, etc. Madrid :
Nombre del editor, distribuidor, etc. Antonio Marzo,
Fecha de publicación, distribución, etc. 1916.
300 ## - DESCRIPCIÓN FÍSICA
Extensión 184 p. ;
Dimensiones 20 cm.
700 1# - ENTRADA AGREGADA--NOMBRE PERSONAL
Nombre de persona Royo Villanova, Antonio,
Fechas asociadas al nombre 1869-1958
9 (RLIN) 100235
852 ## - LOCALIZACIÓN
Ubicación ES-MaACL
Número de control de estantería D-1751
Holdings
Estatus retirado Estado de pérdida Estado de daño No para préstamo Biblioteca de origen Biblioteca actual Ubicación en estantería Fecha de adquisición Fuente de adquisición Total de préstamos Signatura topográfica completa Código de barras Visto por última vez Precio de reemplazo Tipo de ítem Koha
        Biblioteca del Ateneo de Madrid Biblioteca del Ateneo de Madrid Sala Valle Inclán 17/01/2008     D-1751 901066109 23/02/2023 23/02/2023 Libro impreso